Customs tariff Afghanistan 2012.
| Format: | Book |
|---|---|
| Published: |
[S.l):
Afghanistan Customs Department,
2012.
|
| Subjects: |
| LEADER | 00393cam a2200133 7i4500 | ||
|---|---|---|---|
| 001 | 0000028085 | ||
| 005 | 20120823090000.0 | ||
| 090 | 0 | 0 | |a T 382.7 |b CUS (AFGN) |
| 245 | 2 | 0 | |a Customs tariff Afghanistan 2012. |
| 260 | 0 | 0 | |a [S.l): |b Afghanistan Customs Department, |c 2012. |
| 300 | # | # | |a 343 p. |
| 650 | 0 | 0 | |a Tariff -- |z Afghanistan |
| 651 | 0 | 0 | |a Afghanistan |
| 999 | |a 0000030637 |b Book |c Tariffs |e Business Information Centre | ||